Descentralizacin̤ de la enseąnza y derechos fundamentales Un estudio comparado entre Espaą y Alemania

Bibliographic Details
Format: eBook
Language:Spanish
Published: Madrid : Instituto Nacional de Administracin̤ Pb︢lica (INAP), 2013
Subjects:
Online Access:http://www.vlex.com/source/11274

MARC

LEADER 00000nam a22000007a 4500
005 20130611192507.0
007 cr|||| ||||
008 130611e2013 sp |||||s|||| 00||0 spa d
035 |a 11274 
040 |a vLex 
090 |c 4313  |d 4313 
245 0 0 |a Descentralizacin̤ de la enseąnza y derechos fundamentales  |b Un estudio comparado entre Espaą y Alemania  |h [Recurso electrn̤ico]  
256 |a Servicio en ln̕ea 
260 |a Madrid :  |b Instituto Nacional de Administracin̤ Pb︢lica (INAP),   |c 2013 
300 |a 1 Recurso electrn̤ico 
506 |a Contenido solo disponible en los productos indicados  |d vLex Global   |d vLex Global (Academic Edition, excluding Law Schools)  |d vLex Global (U.S. Academic Edition, Law Schools)  |d vLex Global (U.S. Academic Edition, excluding Law Schools)  |d vLex Global (Academic Edition, Law Schools) 
650 4 |a Derecho pb︢lico y administrativo  |z Espaą 
650 4 |a Derecho pb︢ico y administrativo  |z Alemania 
650 4 |a Administracin̤ autonm̤ica   |z Espaą 
650 4 |a Administracin̤ territorial  |z Alemania 
650 4 |a Educacin̤  |z Alemania 
650 4 |a Educacin̤  |z Espaą 
740 |a vLex Libros (Servicio en ln̕ea) 
856 |a Acceso restringido  |u http://www.vlex.com/source/11274 
942 |c BOOK 
999 0 |a Public law